[Event "ROM-ch U10"]
[Site "Calimanesti"]
[Date "2014.04.13"]
[Round "9"]
[White "Moldoveanu, Cosmin Adrian"]
[Black "Panturu, Octavian Nicu"]
[Result "0-1"]
[WhiteElo "1644"]
[BlackElo "1394"]
[PlyCount "124"]
[EventDate "2014.04.06"]
[EventType "swiss"]
[EventRounds "9"]
[EventCountry "ROU"]
[SourceTitle "CBM 160 Extra"]
[Source "ChessBase"]
[SourceDate "2014.07.01"]
[SourceVersion "1"]
[SourceVersionDate "2014.07.01"]
[SourceQuality "1"]

1. e4 e6 2. d4 d5 3. Nd2 Nf6 4. e5 Nfd7 5. Ngf3 c5 6. c3 Nc6 7. Be2 Be7 8. b3 0-0 9. 0-0 b6 10. Bb2 a5 11. Qc2 Ba6 12. Rfe1 Bxe2 13. Rxe2 Rc8 14. Qd1 cxd4 15. cxd4 Nb4 16. Nf1 Rc7 17. a3 Nc6 18. Rc1 Qb8 19. Rec2 Rfc8 20. Qd3 Na7 21. Ne3 Rxc2 22. Rxc2 Rxc2 23. Qxc2 Qc8 24. Qd3 Nf8 25. g3 Ng6 26. h4 Bf8 27. h5 Ne7 28. Ng5 g6 29. Ng4 h6 30. Nf6+ Kg7 31. Nh3 Nf5 32. g4 Ne7 33. Nf4 Nac6 34. Kh2 Nb8 35. Kg1 Nd7 36. hxg6 Nxg6 37. N4h5+ Kh8 38. Kh2 Nxf6 39. Nxf6 Bg7 40. Qd2 Qd8 41. g5 hxg5 42. Qxg5 Bxf6 43. exf6 Qg8 44. Qh6+ Qh7 45. Qxh7+ Kxh7 46. Kg3 Nf8 47. Bc1 Kg6 48. Bf4 Kxf6 49. Be5+ Kf5 50. Bc7 Nd7 51. f3 f6 52. a4 e5 53. dxe5 fxe5 54. Kg2 e4 55. Kf2 d4 56. fxe4+ Kxe4 57. Ke2 Kd5 58. Kd3 Nc5+ 59. Kc2 Kc6 60. Bd8 Nd7 61. Kd3 Nc5+ 62. Kc2 d3+ 0-1

[Event "ROM-ch U10"]
[Site "Calimanesti"]
[Date "2014.04.12"]
[Round "8"]
[White "Plugaru, Rares"]
[Black "Moldoveanu, Cosmin Adrian"]
[Result "1-0"]
[WhiteElo "1539"]
[BlackElo "1644"]
[PlyCount "73"]
[EventDate "2014.04.06"]
[EventType "swiss"]
[EventRounds "9"]
[EventCountry "ROU"]
[SourceTitle "CBM 160 Extra"]
[Source "ChessBase"]
[SourceDate "2014.07.01"]
[SourceVersion "1"]
[SourceVersionDate "2014.07.01"]
[SourceQuality "1"]

1. d4 Nf6 2. Nf3 e6 3. e3 c5 4. c4 d5 5. Bd3 Bd6 6. 0-0 0-0 7. b3 b6 8. Bb2 Bb7 9. Nbd2 Nbd7 10. Ne5 Qc7 11. f4 Ne4 12. Qc2 f5 13. Ndf3 Ndf6 14. Rae1 Rae8 15. g3 g6 16. Qg2 dxc4 17. bxc4 Bxe5 18. fxe5 Nd7 19. Qh3 Re7 20. Bxe4 Bxe4 21. Rc1 Bd3 22. Qh4 Nb8 23. Rfe1 cxd4 24. Ba3 Rfe8 25. Bxe7 Rxe7 26. exd4 Be4 27. Nd2 Bb7 28. Rf1 Qc6 29. Nf3 Rc7 30. Qd8+ Kg7 31. d5 Qc5+ 32. Kg2 exd5 33. cxd5 Qxc1 34. Rxc1 Rxc1 35. Qe7+ Kg8 36. Qxb7 Rc2+ 37. Kh3 1-0

[Event "ROM-ch U10"]
[Site "Calimanesti"]
[Date "2013.04.08"]
[Round "9"]
[White "Moldoveanu, Cosmin Adrian"]
[Black "Plugaru, Rares"]
[Result "0-1"]
[WhiteElo "1301"]
[BlackElo "1206"]
[PlyCount "82"]
[EventDate "2013.04.02"]
[EventType "swiss"]
[EventRounds "9"]
[EventCountry "ROU"]
[SourceTitle "CBM 153 Extra"]
[Source "ChessBase"]
[SourceDate "2013.04.22"]
[SourceVersion "1"]
[SourceVersionDate "2013.04.22"]
[SourceQuality "1"]

1. e4 e5 2. Nf3 Nc6 3. Bc4 Bc5 4. c3 Qe7 5. 0-0 d6 6. d4 Bb6 7. d5 Nd8 8. a4 a6 9. a5 Ba7 10. Bg5 Nf6 11. Nbd2 h6 12. Bh4 g5 13. Bg3 h5 14. h3 g4 15. Ng5 h4 16. Bh2 Rg8 17. hxg4 Rxg5 18. Kh1 Nxg4 19. f4 Nxh2 20. fxg5 Nxf1 21. Qxf1 Qxg5 22. Nf3 Qg3 23. b4 h3 24. Rd1 Bg4 25. Rd3 hxg2+ 26. Qxg2 Bxf3 27. Rxf3 Qxg2+ 28. Kxg2 b5 29. axb6 Bxb6 30. Bb3 Rc8 31. Rh3 c6 32. Ba4 Ke7 33. Rh8 cxd5 34. exd5 Rxc3 35. Re8+ Kf6 36. Kh2 Rc4 37. Kg2 Rxb4 38. Bd7 e4 39. Kf1 e3 40. Ke2 Rb2+ 41. Ke1 Ba5+ 0-1

[Event "ROM-ch U10"]
[Site "Calimanesti"]
[Date "2013.04.04"]
[Round "4"]
[White "Moldoveanu, Cosmin Adrian"]
[Black "Boeru, Darius Alexandru"]
[Result "1/2-1/2"]
[WhiteElo "1301"]
[BlackElo "1453"]
[PlyCount "102"]
[EventDate "2013.04.02"]
[EventType "swiss"]
[EventRounds "9"]
[EventCountry "ROU"]
[SourceTitle "CBM 153 Extra"]
[Source "ChessBase"]
[SourceDate "2013.04.22"]
[SourceVersion "1"]
[SourceVersionDate "2013.04.22"]
[SourceQuality "1"]

1. e4 d5 2. exd5 Qxd5 3. Nc3 Qd6 4. d4 Nf6 5. Nf3 c6 6. Be3 Bf5 7. Be2 Nbd7 8. 0-0 e6 9. Qd2 Qc7 10. Rad1 Be7 11. Bf4 Qd8 12. Ne5 0-0 13. Bd3 Nb6 14. Bxf5 exf5 15. Qe3 Nfd5 16. Qg3 Nxf4 17. Qxf4 g6 18. Rd3 Bg5 19. Qg3 f4 20. Qh3 Re8 21. g3 Kg7 22. Qg4 h5 23. Qh3 Rb8 24. b3 Nd5 25. Nxd5 Qxd5 26. Qg2 Qxg2+ 27. Kxg2 f6 28. Nc4 fxg3 29. fxg3 Re2+ 30. Rf2 Rxf2+ 31. Kxf2 Rd8 32. Na5 Rd7 33. c4 f5 34. Kf3 Kf7 35. d5 cxd5 36. cxd5 Kf6 37. Nc4 h4 38. Ke2 Re7+ 39. Kf3 Rd7 40. a4 hxg3 41. hxg3 b6 42. b4 Bh6 43. Rd1 Bg5 44. d6 Ke6 45. Rd3 Bh6 46. Rd4 Bg5 47. Kg2 Bf6 48. Rd3 Bg5 49. Kh3 Rh7+ 50. Kg2 Rd7 51. Rd4 Bf6 1/2-1/2